000 00292nam a2200121 i 4500
001 bg
245 0 _aRegulowanie inwestycji w reformie gospodarczej :
_bpraca zbior.
260 _aWarszawa,
_c1986.
040 _cBPK
041 _apol
942 _cKS
008 s pl f |000 0 pol
999 _c3415
_d3415
856 _uhttp://koha.tu.koszalin.pl/cgi-bin/koha/opac-detail.pl?biblionumber=3415
_yKatalog online BPK